| 000 | 00471nam a2200181Ia 4500 | ||
|---|---|---|---|
| 005 | 20240823060451.0 | ||
| 008 | 240823s9999||||xx |||||||||||||| ||und|| | ||
| 041 | _aENGLISH | ||
| 082 | _A004.6 Q7 | ||
| 100 | _a"Forouzan,Behrouz A" | ||
| 245 | 0 | _aData Communications and Networking | |
| 250 | _a4th | ||
| 260 |
_c2017 _bMcGraw Hill Education Private Li |
||
| 500 | _aTRANSFERED | ||
| 650 |
_aData Communication _bComputer Science |
||
| 942 | _cBK | ||
| 999 |
_c231198 _d231198 |
||